| 000 | 00699nac a22002171u 4500 | ||
|---|---|---|---|
| 010 | _a 73174528 | ||
| 020 | _a0408000902 : | ||
| 082 | 0 | 0 |
_a627.03 _bNEL |
| 090 |
_c9981 _d9981 |
||
| 100 | _aNelson, A. | ||
| 245 | 1 | 0 |
_aDictionary of water and water engineering _c A. Nelson and K. D. Nelson. |
| 260 |
_aLondon, _bButterworths,1973 _cc1973. |
||
| 300 |
_avi, 271 p. _billus. _c23 cm. |
||
| 500 | _aDonations - AUC. | ||
| 500 | _aDonations. | ||
| 511 | _aCatalogued by: Sara. | ||
| 650 | 0 |
_aWater _xDictionaries. |
|
| 650 | 0 |
_aHydraulic engineering _xDictionaries. |
|
| 700 | 1 |
_aNelson, K. D. _q(Kenneth Davies), _d1921- |
|
| 942 |
_cNB _k627.03NEL |
||
| 999 |
_c9981 _d9981 |
||